000 01401nam0a2200361 4500
001 RU\NLR\BIBL_A\022633161
005 20260405141541.0
010 _a978-5-6049322-9-2
_9500
035 _a(NLR Aleph) 022633161
090 _a13465892
_c13465892
100 _a20250929d2024 u y0rusy50 ca
101 0 _arus
102 _aRU
105 _aachbz 000yy
181 0 _ai3
_baxxe
182 0 _an
200 1 _aИзбранное
_fДжордано Бруно
_g[ответственный редактор: А. Е. Дунаев]
203 _aТекст
_bвизуальный
_cнепосредственный
210 _aСамара
_cАгни
_cАрт-Лайт
_d2024
215 _a554, [1] с.
_cил., портр., факс., карта
_d25
320 _aБиблиогр. в примеч.: с. 483-509, 542-546 и в тексте
320 _aДр. кн. авт.: с. 550-554
333 _a0+
606 1 _aФилософия итальянская
_z16 в.
_91190717
_3RU\NLR\AUTH\66162582
686 1 _aЮ3(4Ит)43-401.4
686 1 _aШ6(4Ит)437-4{Лх1603.2}
700 1 _8rus
_7ca
_aБруно
_bД.
_f1548-1600
_gДжордано
_3RU\NLR\AUTH\7757600
_940532
702 1 _aДунаев
_bА. Е.
_gАрсений Евгеньевич
_4340
942 _cBOOK
980 _aNB